00579nam a2200121Ia 4500008004100000020001800041100002500059245012100084260003500205650015900240650001400399856004400413171212s9999 xx 000 0 und d a9780813536637 aJenkins, Kathleen E. cJenkins, Kathleen E.aAwesome FamiliesbThe Promise of Healing Relationships in the International Churches of Christ bRutgers University Pressc2005 aInternational Churches of Christ; Christian sociology -- International Churches of Christ; Family -- Religious aspects -- International Churches of Christ aSociology uhttp://www.jstor.org/stable/j.ctt5hj239